000 00409pab a2200145 454500
008 180718b1989 xxu||||| |||| 00| 0 eng d
100 _aJohnstone, Peter
245 _aThe Volckes Report
_bA quest crises in American Government (Review Article)
260 _c1989
300 _a208-10
362 _aJun.
650 _aPublic Service
773 _aAustralian Journal of Public Administration
909 _a16964
999 _c16964
_d16964